[Event "ECU-ch (Women)"]
[Site "Quito"]
[Date "2023.06.22"]
[Round "4"]
[White "Oleas Vanegas, Nathaly Vanessa"]
[Black "Pacheco Jimenez, Yesenia Camila"]
[Result "1/2-1/2"]
[WhiteElo "1168"]
[BlackElo "1782"]
[PlyCount "61"]
[EventDate "2023.06.21"]
[EventType "swiss"]
[EventRounds "9"]
[EventCountry "ECU"]
[SourceTitle "CBM 215 Extra"]
[Source "ChessBase"]
[SourceDate "2023.09.30"]
[SourceVersion "1"]
[SourceVersionDate "2023.09.30"]
[SourceQuality "1"]

1. e4 e6 2. d4 d5 3. exd5 exd5 4. Bd3 Nf6 5. c3 Bd6 6. Nf3 0-0 7. 0-0 Nbd7 8. Bg5 h6 9. Be3 c5 10. Nbd2 c4 11. Bc2 Ng4 12. h3 Nxe3 13. fxe3 Nf6 14. e4 dxe4 15. Nxe4 Nd5 16. Re1 Bc7 17. Nf2 Be6 18. Bb1 Qd7 19. Qc2 g6 20. Ne5 Bxe5 21. Rxe5 Qe7 22. Qd2 Kg7 23. Ng4 Rh8 24. Nf6 Rad8 25. Nxd5 Rxd5 26. Qc1 Qe8 27. Be4 Rd7 28. Qd2 a6 29. Rf1 Qe7 30. a3 Rhd8 31. Re1 1/2-1/2

[Event "ECU-ch U18 Girls"]
[Site "Riobamba"]
[Date "2023.04.12"]
[Round "1"]
[White "Borbor Velez, Leysla Amada"]
[Black "Oleas Vanegas, Nathaly Vanessa"]
[Result "1/2-1/2"]
[WhiteElo "1462"]
[BlackElo "1127"]
[PlyCount "50"]
[EventDate "2023.04.12"]
[EventType "swiss"]
[EventRounds "9"]
[EventCountry "ECU"]
[SourceTitle "EXT 2024"]
[Source "ChessBase"]
[SourceDate "2023.10.10"]
[SourceVersion "1"]
[SourceVersionDate "2023.10.10"]
[SourceQuality "1"]

1. d4 d5 2. c4 e5 3. dxe5 d4 4. e3 Bb4+ 5. Bd2 dxe3 6. fxe3 Qh4+ 7. g3 Qe4 8. Qf3 Bxd2+ 9. Nxd2 Qxe5 10. Qe4 Nc6 11. Qxe5+ Nxe5 12. Ngf3 Nc6 13. 0-0-0 Bg4 14. h3 Bd7 15. Bg2 h6 16. a3 Nf6 17. Nd4 0-0 18. Nxc6 Bxc6 19. Bxc6 bxc6 20. Nb3 Ne4 21. Rhg1 Rad8 22. Rxd8 Rxd8 23. Rd1 Rxd1+ 24. Kxd1 Nxg3 25. Nd4 Ne4 1/2-1/2

[Event "ECU-ch U18 Girls"]
[Site "Riobamba"]
[Date "2023.04.12"]
[Round "2"]
[White "Oleas Vanegas, Nathaly Vanessa"]
[Black "Villagomez Muenala, Saya Emily"]
[Result "1-0"]
[WhiteElo "1127"]
[BlackElo "1327"]
[PlyCount "40"]
[EventDate "2023.04.12"]
[EventType "swiss"]
[EventRounds "9"]
[EventCountry "ECU"]
[SourceTitle "EXT 2024"]
[Source "ChessBase"]
[SourceDate "2023.10.10"]
[SourceVersion "1"]
[SourceVersionDate "2023.10.10"]
[SourceQuality "1"]

1. e4 c5 2. f4 e6 3. Nf3 d5 4. e5 Nc6 5. d4 Bd7 6. c3 Nh6 7. Bd3 Rc8 8. 0-0 Qb6 9. a4 cxd4 10. Nxd4 Nxd4 11. cxd4 Qxd4+ 12. Kh1 a6 13. Nc3 Ng4 14. Qxg4 Qxd3 15. Rd1 Qc4 16. Be3 h5 17. Qf3 Bc5 18. Bxc5 Qxc5 19. f5 Rd8 20. f6 g6 1-0